书目信息 |
| 题名: |
中华人民共和国国务院组织机构概要
|
|
| 作者: | ;劳动人事部编制局 编著 | |
| 分册: | ||
| 出版信息: | 北京 中国工人出版社 1988.06 |
|
| 页数: | 347页 | |
| 开本: | 26cm | |
| 丛书名: | ||
| 单 册: | ||
| 中图分类: | D623 | |
| 科图分类: | ||
| 主题词: | 国务院--中国 | |
| 电子资源: | ||
| ISBN: | 7-5008-0274-9 | |
| 000 | 00727nam0 2200205 45 | |
| 001 | 0506161622 | |
| 005 | 20050616172051.5 | |
| 010 | @a7-5008-0274-9@dCNY11.15 | |
| 100 | @a20050616d1988 km y0chiy0120 ea | |
| 101 | 0 | @achi |
| 105 | @a z 000yy | |
| 200 | 1 | @a中华人民共和国国务院组织机构概要@AZhong Hua Ren Min Gong He Guo Guo WuYuan Zu Zhi Ji Gou Gai Yao@e一九八七年@EYi Jiu Ba Qi Nian@f劳动人事部编制局编著@FLao Dong Ren Shi Bu Bian Zhi Ju Bian Zhu |
| 210 | @a北京@c中国工人出版社@d1988.06 | |
| 215 | @a347页@c表格@d26cm | |
| 517 | @a一九八七年@AYi Jiu Ba Qi Nian | |
| 606 | 0 | @a国务院@x中国 |
| 690 | @aD623@v3 | |
| 711 | 02 | @a劳动人事部编制局@4编著 |
| 801 | @aCN@bPftUser@c20050616 | |
| 905 | @f1@b218484@dD623@e13(1987) | |
| 中华人民共和国国务院组织机构概要:一九八七年/劳动人事部编制局编著.-北京:中国工人出版社,1988.06 |
| 347页:表格;26cm |
| ISBN 7-5008-0274-9:CNY11.15 |
| ● |
| 相关链接 |
|
|
|
|
正题名:中华人民共和国国务院组织机构概要
索取号:D623/13(1987)
 
预约/预借
| 序号 | 登录号 | 条形码 | 馆藏地/架位号 | 状态 | 备注 |
| 1 | 0218484 | 002052101 | 第一样本阅览室/ [索取号:D623/13(1987)] | 在馆 |